01336naa a22003377a 4500001001000000003000900010005001700019007000300036008003400039040005400073041000900127072001900136090001800155100001500173100002000188100001700208100001800225111007800243245013500321260004000456500010900496650001000605650003100615650001300646650001500659773010600674909003600780942001400816999001900830952014900849BR8801253BR-BrBNA20240918175954.0ta230509b bl.||||| |||| 00| 0 por d aBR-BrBNAbporcBiblioteca Nacional de Agricultura a(Pt) aF30; F04b0120 aF30 BR88012531 aNuss, C.N.1 aGuadagnim, J.P.1 aBresolin, M.1 aMachado, L.C.1 a30. Reuniao Tecnica Anual do MilhocPorto Alegre, RS (Brazil)d6 Aug 19851 aComportamento de tres populacoes e das geracoes F1 e F2 de dois hibridos comerciais de milho em solo adubado e em solo nao adubado3 aPorto Alegre, RS (Brasil): c1985.  aAta da 30. Reuniao Tecnica Anual do Milho Porto Alegre, RS (Brasil): 1985. p. 314-319 (BR8801253-AM)F30  aMILHO aCOMPORTAMENTO DE VARIEDADE aADUBACAO aRENDIMENTO0 tAta da 30. Reuniao Tecnica Anual do MilhowF30 BR8801253gPorto Alegre, RS (Brasil), 1985. p. 314-319 a202404bLuciac55dLucia Elande cAM2AGRIS c319039d319039 002AGRIS40708Acervo Gerala41918b41918cAgrobasel0o0120 BR8801219r2024-05-20t01yAM10d2024-04-11ePortaria Interministerial nÂș 164/94